| 000 | 00730cam a22002533a 4500 | ||
|---|---|---|---|
| 001 | 29166 | ||
| 003 | PGUSA | ||
| 005 | 20140828083630.0 | ||
| 008 | 090619s2009||||xxu|||||s|||||000 1 eng d | ||
| 040 |
_aPGUSA _beng |
||
| 042 | _adc | ||
| 050 | 4 | _aPS | |
| 100 | 1 |
_aIngram, Eleanor M. _q(Eleanor Marie), _d1886-1921 |
|
| 245 | 1 | 4 |
_aThe Flying Mercury _h[electronic resource] / _cEleanor M. Ingram |
| 260 |
_bProject Gutenberg, _c2009 |
||
| 506 | _aPublic domain in the USA. | ||
| 516 | _aElectronic text | ||
| 653 | _aAutomobile racing -- Fiction | ||
| 700 | 1 |
_aFrederick, Edmund, _d1870- |
|
| 700 | 1 | _aStuart, Bertha | |
| 830 | 0 |
_aProject Gutenberg _v29166 |
|
| 856 | 4 | 0 | _uhttp://www.gutenberg.org/ebooks/29166 |
| 942 | _cEB | ||
| 999 |
_c258421 _d258421 |
||